History Quiz

Random History or Blitz Quiz

60 second blitz: UK Prime Ministers since WWII Quiz Stats

 Plays Quiz not verified by Sporcle

Challenge
Share
Tweet
Embed
Score 0/15 Timer 01:00
0 Plays Today
The Right Honourable PM % Correct
Margaret Thatcher
95.4%
Tony Blair
93.5%
Theresa May
90.4%
David Cameron
90.2%
Sir Winston Churchill
89.9%
Gordon Brown
87.6%
John Major
73.9%
Clement Attlee
57.7%
The Right Honourable PM % Correct
Harold Wilson
55.4%
Harold Wilson
55.4%
Edward Heath
52.1%
James Callaghan
48.2%
Harold Macmillan
45.9%
Sir Anthony Eden
45%
Sir Alec Douglas-Home
37.8%

You're not logged in!

Compare scores with friends on all Sporcle quizzes.
Join for Free
OR
Log In

You Might Also Like...

Show Comments

Extras

Top Quizzes Today


Score Distribution

Your Account Isn't Verified!

In order to create a playlist on Sporcle, you need to verify the email address you used during registration. Go to your Sporcle Settings to finish the process.

Report this User

Report this user for behavior that violates our Community Guidelines.

Details: